| 000 -LEADER |
| fixed length control field |
01666mam a2200349 a 4500 |
| 001 - CONTROL NUMBER |
| control field |
1961823 |
| 003 - CONTROL NUMBER IDENTIFIER |
| control field |
NUST |
| 005 - DATE AND TIME OF LATEST TRANSACTION |
| control field |
20210924121920.0 |
| 008 - FIXED-LENGTH DATA ELEMENTS--GENERAL INFORMATION |
| fixed length control field |
970113s1997 enka b 001 0 eng d |
| 010 ## - LIBRARY OF CONGRESS CONTROL NUMBER |
| LC control number |
gb 97004673 |
| 015 ## - NATIONAL BIBLIOGRAPHY NUMBER |
| National bibliography number |
GB97-4673 |
| 020 ## - INTERNATIONAL STANDARD BOOK NUMBER |
| International Standard Book Number |
0412607808 : |
| 035 ## - SYSTEM CONTROL NUMBER |
| System control number |
(OCoLC)36339160 |
| 035 ## - SYSTEM CONTROL NUMBER |
| System control number |
(OCoLC)ocm36339160 |
| 035 ## - SYSTEM CONTROL NUMBER |
| System control number |
(NNC)1961823 |
| 038 ## - RECORD CONTENT LICENSOR |
| Staff Name |
khadija |
| 040 ## - CATALOGING SOURCE |
| Original cataloging agency |
Uk |
| Transcribing agency |
Uk |
| Modifying agency |
DLC |
| -- |
NIC |
| -- |
OrLoB-B |
| 082 04 - DEWEY DECIMAL CLASSIFICATION NUMBER |
| Classification number |
612.0144102 |
| Edition number |
21 |
| Author Mark |
OPT |
| 245 00 - TITLE STATEMENT |
| Title |
Optical Measurement Methods in Biomechanics / |
| Statement of responsibility, etc. |
edited by J. F. Orr and J. C. Shelton. |
| 250 ## - EDITION STATEMENT |
| Edition statement |
1st ed. |
| 260 ## - PUBLICATION, DISTRIBUTION, ETC. |
| Place of publication, distribution, etc. |
London ; |
| -- |
New York : |
| Name of publisher, distributor, etc. |
Chapman & Hall, |
| Date of publication, distribution, etc. |
1997. |
| 300 ## - PHYSICAL DESCRIPTION |
| Extent |
xii, 196 p. : |
| Other physical details |
ill. ; |
| Dimensions |
24 cm. |
| 504 ## - BIBLIOGRAPHY, ETC. NOTE |
| Bibliography, etc. note |
Includes bibliographical references and index. |
| 505 00 - FORMATTED CONTENTS NOTE |
| Miscellaneous information |
1. |
| Title |
Photoelastic stress analysis / |
| Statement of responsibility |
J. F. Orr and J. B. Finlay -- |
| Miscellaneous information |
2. |
| Title |
Stereo photogrammetry / |
| Statement of responsibility |
L. P. Adams and A. Spirakis -- |
| Miscellaneous information |
3. |
| Title |
Structured light surface measurement techniques / |
| Statement of responsibility |
A. R. Turner-Smith -- |
| Miscellaneous information |
4. |
| Title |
Holographic interferometry / |
| Statement of responsibility |
J. R. Tyrer and J. C. Shelton -- |
| Miscellaneous information |
5. |
| Title |
Speckle techniques / |
| Statement of responsibility |
J. D. Briers -- |
| Miscellaneous information |
6. |
| Title |
Electronic speckle pattern interferometry / |
| Statement of responsibility |
J. R. Tyrer -- |
| Miscellaneous information |
7. |
| Title |
Optometric methods in biomechanical gait analysis / |
| Statement of responsibility |
H. S. Gill, J. Morris and E. Biden [et al.] -- |
| Miscellaneous information |
8. |
| Title |
Soft tissue strain measurement / |
| Statement of responsibility |
N. G. Shrive -- |
| Miscellaneous information |
9. |
| Title |
The practical application of Fuji Prescale pressure-sensitive film / |
| Statement of responsibility |
A. B. Liggins. |
| 563 ## - BINDING INFORMATION |
| Binding note |
hardcover |
| 650 #0 - SUBJECT ADDED ENTRY--TOPICAL TERM |
| Topical term or geographic name entry element |
Optical measurements. |
| 9 (RLIN) |
81359 |
| 650 #0 - SUBJECT ADDED ENTRY--TOPICAL TERM |
| Topical term or geographic name entry element |
Biomechanics |
| General subdivision |
Measurement. |
| 9 (RLIN) |
81360 |
| 700 1# - ADDED ENTRY--PERSONAL NAME |
| Personal name |
Orr, J. F. |
| Fuller form of name |
(John F.) |
| 9 (RLIN) |
81361 |
| 700 1# - ADDED ENTRY--PERSONAL NAME |
| Personal name |
Shelton, J. C. |
| Fuller form of name |
(Julia C.) |
| 9 (RLIN) |
81362 |
| 900 ## - EQUIVALENCE OR CROSS-REFERENCE-PERSONAL NAME [LOCAL, CANADA] |
| Numeration |
TOC |
| 942 ## - ADDED ENTRY ELEMENTS (KOHA) |
| Source of classification or shelving scheme |
|
| Koha item type |
Book |